000 00190nam a22000857a 4500
999 _c23728
_d23728
005 20250212120129.0
008 250212b ||||| |||| 00| 0 eng d
040 _csk
245 _aAni kúsok nazmar